[Event "4NCL Division 2b"]
[Site "Solihull, ENG"]
[Date "2018.01.14"]
[Round "4.51"]
[White "Walker, David J"]
[Black "Hand, Freddie"]
[Result "1-0"]
[WhiteElo "2284"]
[BlackElo "2183"]
[PlyCount "81"]
[EventDate "2018.01.14"]
[WhiteTeam "North East England"]
[BlackTeam "KJCA Kings"]

1. c4 c6 2. Nc3 d5 3. d4 Nf6 4. Qb3 dxc4 5. Qxc4 Bf5 6. Nf3 e6 7. g3 h6 8. Bg2
Nbd7 9. O-O Be7 10. e3 O-O 11. b3 Rc8 12. Bb2 b5 13. Qe2 Qb6 14. e4 Bh7 15.
Rfd1 b4 16. e5 bxc3 17. exf6 c2 18. fxe7 cxd1=Q+ 19. Rxd1 Rfe8 20. Ba3 c5 21.
Ne5 Qa5 22. Nc4 Qa6 23. dxc5 Nxc5 24. Qe3 Nd3 25. Rxd3 Bxd3 26. Qxd3 Rc7 27.
Qe3 Rcxe7 28. Bxe7 Rxe7 29. a4 Rd7 30. Bf3 Qc8 31. Kg2 Qd8 32. Ne5 Rc7 33. b4
Qd6 34. b5 Qb4 35. Qf4 Qxf4 36. gxf4 f6 37. Nc6 Kf8 38. a5 Ke8 39. a6 g5 40.
Nxa7 Rxa7 41. Bb7 1-0

[Event "4NCL Division 2b"]
[Site "Solihull, ENG"]
[Date "2018.01.14"]
[Round "4.52"]
[White "Young, Daniel J"]
[Black "Wall, Tim P"]
[Result "0-1"]
[WhiteElo "2008"]
[BlackElo "2236"]
[PlyCount "100"]
[EventDate "2018.01.14"]
[WhiteTeam "KJCA Kings"]
[BlackTeam "North East England"]

1. e4 d6 2. d4 Nf6 3. Nc3 Nbd7 4. f4 e5 5. Nf3 exd4 6. Qxd4 c6 7. Be3 d5 8. e5
Bc5 9. Qd2 Bxe3 10. Qxe3 Ng4 11. Qd2 Qb6 12. h3 Qe3+ 13. Qxe3 Nxe3 14. Kd2
Nxf1+ 15. Raxf1 Nb6 16. b3 Bd7 17. a4 a5 18. Nd4 c5 19. Ndb5 O-O 20. Nd6 Bc6
21. Re1 Rad8 22. Rhf1 Nc8 23. Nxc8 Rxc8 24. g4 Rce8 25. Kd3 Re7 26. Nb5 Bxb5+
27. axb5 Rfe8 28. Rf2 f6 29. Rfe2 fxe5 30. Rxe5 Rxe5 31. fxe5 Kf7 32. c4 Ke6
33. Rf1 Re7 34. b6 d4 35. Ra1 Kxe5 36. Rxa5 Kd6 37. b4 Re3+ 38. Kd2 cxb4 39.
Rd5+ Kc6 40. Rxd4 Rxh3 41. c5 Rh4 42. Kd3 h5 43. gxh5 Rxd4+ 44. Kxd4 Kb5 45.
Kd5 b3 46. Kd6 b2 47. c6 b1=Q 48. cxb7 Qc1 49. Ke7 Qc5+ 50. Kf7 Qxh5+ 0-1

[Event "4NCL Division 2b"]
[Site "Solihull, ENG"]
[Date "2018.01.14"]
[Round "4.53"]
[White "Moreby, James"]
[Black "Verma, Aditya"]
[Result "1/2-1/2"]
[WhiteElo "2245"]
[BlackElo "2047"]
[PlyCount "90"]
[EventDate "2018.01.14"]
[WhiteTeam "North East England"]
[BlackTeam "KJCA Kings"]

1. c4 Nf6 2. Nc3 c6 3. e4 d5 4. e5 d4 5. exf6 dxc3 6. fxg7 cxd2+ 7. Bxd2 Bxg7
8. Qc2 Nd7 9. O-O-O Qc7 10. h3 a5 11. Nf3 a4 12. Bc3 Bf6 13. Bd3 a3 14. b3 Nc5
15. g3 Nxd3+ 16. Qxd3 Bxc3 17. Qxc3 f6 18. Rhe1 O-O 19. Qe3 e5 20. g4 b5 21. c5
Be6 22. Nd4 Bd5 23. Nf5 e4 24. Nd6 Qe7 25. Rd4 Qe5 26. Qd2 Kh8 27. f3 Bxb3 28.
axb3 a2 29. Kb2 e3 30. Qc3 a1=Q+ 31. Rxa1 Rxa1 32. f4 Qxd4 33. Qxd4 e2 34. Kxa1
e1=Q+ 35. Kb2 Qe2+ 36. Ka3 Qe1 37. Kb2 Qe2+ 38. Ka3 Ra8+ 39. Kb4 Qe1+ 40. Qc3
Qxc3+ 41. Kxc3 Kg7 42. h4 Kf8 43. g5 Ke7 44. f5 Rg8 45. Ne4 fxg5 1/2-1/2

[Event "4NCL Division 2b"]
[Site "Solihull, ENG"]
[Date "2018.01.14"]
[Round "4.54"]
[White "Bansal, Rohan"]
[Black "Dunn, Andrew"]
[Result "1-0"]
[WhiteElo "2007"]
[BlackElo "2237"]
[PlyCount "153"]
[EventDate "2018.01.14"]
[WhiteTeam "KJCA Kings"]
[BlackTeam "North East England"]

1. d4 d5 2. c4 e6 3. Nc3 Be7 4. Nf3 Nf6 5. Bg5 h6 6. Bh4 O-O 7. e3 b6 8. cxd5
Nxd5 9. Bxe7 Qxe7 10. Nxd5 exd5 11. Qa4 Be6 12. Bd3 c5 13. Qa3 Nd7 14. O-O a5
15. Rac1 Rfc8 16. Bb5 Ra7 17. Bxd7 Bxd7 18. Rfd1 Be6 19. dxc5 bxc5 20. Rc3 c4
21. Qxe7 Rxe7 22. Nd4 Rb7 23. b3 cxb3 24. Rxc8+ Bxc8 25. axb3 Bd7 26. Ra1 a4
27. bxa4 Bxa4 28. h3 Bd7 29. Ra8+ Kh7 30. Ra5 Be6 31. Ra6 Re7 32. Rd6 g6 33.
Kf1 Kg7 34. Ke2 Bc8 35. Rd8 Ba6+ 36. Kf3 Bd3 37. Kg3 Bc4 38. Rc8 h5 39. Kh2 Ra7
40. g4 Ra2 41. Kg2 hxg4 42. hxg4 Ra1 43. Rc7 Bf1+ 44. Kg3 Bd3 45. Kf4 Ra2 46.
f3 Ra6 47. g5 Bb1 48. Ke5 Ba2 49. Nb5 Ra5 50. Nc3 Bb3 51. Kd4 Ra1 52. Rc5 Bd1
53. f4 Bf3 54. Nxd5 Ra4+ 55. Rc4 Rxc4+ 56. Kxc4 Bd1 57. e4 Bc2 58. e5 Bb1 59.
Kc5 Bc2 60. Kd6 Kf8 61. Kd7 Bf5+ 62. Kd8 Be6 63. Nc7 Bc4 64. Na8 Be6 65. Nb6
Bb3 66. Nd7+ Kg7 67. Ke7 Be6 68. Nf8 Bb3 69. e6 fxe6 70. Nxe6+ Kg8 71. Kf6 Bc2
72. Nd8 Bb1 73. Nc6 Bc2 74. Ne7+ Kh7 75. f5 Bxf5 76. Nxf5 gxf5 77. Kf7 1-0

[Event "4NCL Division 2b"]
[Site "Solihull, ENG"]
[Date "2018.01.14"]
[Round "4.55"]
[White "Dargan, Paul A G"]
[Black "Tombolis, Christopher"]
[Result "1-0"]
[WhiteElo "2162"]
[BlackElo "1839"]
[PlyCount "93"]
[EventDate "2018.01.14"]
[WhiteTeam "North East England"]
[BlackTeam "KJCA Kings"]

1. e4 c5 2. c3 g6 3. d4 cxd4 4. cxd4 d5 5. Nc3 dxe4 6. Bc4 Nc6 7. Nge2 Bg7 8.
Qb3 e6 9. d5 Ne5 10. Bb5+ Bd7 11. dxe6 fxe6 12. Qxe6+ Ne7 13. O-O N5c6 14. Qxe4
O-O 15. Bg5 Bf6 16. Bxf6 Rxf6 17. Rad1 Qc7 18. Ng3 Rf4 19. Rxd7 Qxd7 20. Qxf4
Rf8 21. Qe3 Nf5 22. Nxf5 Qxf5 23. Re1 Qc2 24. Qe2 Qf5 25. Qe6+ Qxe6 26. Rxe6
Nd4 27. Re7 Nxb5 28. Nxb5 Rd8 29. Nc3 Rd2 30. Re2 Rd3 31. Kf1 a6 32. Ke1 Rd4
33. Re4 Rd6 34. Re7 b5 35. a3 h5 36. g3 Kf8 37. Re5 Kf7 38. Ke2 Rd4 39. Ke3 Rc4
40. f4 Kf6 41. Ne4+ Kg7 42. Rc5 Ra4 43. Rc7+ Kf8 44. Nc3 Ra5 45. Rc5 Ke7 46.
Rg5 Kf7 47. Kd3 1-0

[Event "4NCL Division 2b"]
[Site "Solihull, ENG"]
[Date "2018.01.14"]
[Round "4.56"]
[White "Ng, Chung Lok Andrew"]
[Black "Coathup, Roger H"]
[Result "1-0"]
[WhiteElo "1847"]
[BlackElo "2177"]
[PlyCount "83"]
[EventDate "2018.01.14"]
[WhiteTeam "KJCA Kings"]
[BlackTeam "North East England"]

1. d4 Nf6 2. c4 g6 3. Nc3 Bg7 4. e4 d6 5. Nf3 O-O 6. h3 c6 7. Bd3 e5 8. d5 Na6
9. O-O Nh5 10. a3 c5 11. Re1 Nf4 12. Bf1 f5 13. Kh2 Nc7 14. g3 Nh5 15. Bg2 Nf6
16. Kg1 Qe7 17. b4 b6 18. bxc5 bxc5 19. exf5 gxf5 20. Nxe5 Ne4 21. Nc6 Qf7 22.
Nxe4 fxe4 23. Ra2 Bd7 24. Rxe4 Rae8 25. Rxe8 Nxe8 26. Bf4 Kh8 27. Qe2 Qg6 28.
Be4 Qf7 29. Kh2 h5 30. Qd3 h4 31. Re2 Qh5 32. Bg2 Bf5 33. Qd2 hxg3+ 34. fxg3
Qh7 35. Qe1 Nf6 36. Bxd6 Rg8 37. Ne7 Ng4+ 38. Kh1 Bd4 39. Nxf5 Qxf5 40. hxg4
Qh7+ 41. Bh3 Qxh3+ 42. Rh2 1-0

[Event "4NCL Division 2b"]
[Site "Solihull, ENG"]
[Date "2018.01.14"]
[Round "4.57"]
[White "Turner, Max N"]
[Black "Anilkumar, Anantha P"]
[Result "1-0"]
[WhiteElo "2177"]
[BlackElo "1850"]
[PlyCount "111"]
[EventDate "2018.01.14"]
[WhiteTeam "North East England"]
[BlackTeam "KJCA Kings"]

1. d4 Nf6 2. c4 g6 3. g3 Bg7 4. Bg2 O-O 5. Nc3 c5 6. Nf3 d5 7. dxc5 dxc4 8. O-O
Qc7 9. Qd4 Rd8 10. Qxc4 Be6 11. Qb5 Bd7 12. Bf4 Qc8 13. Qb3 Be6 14. Qa3 Nbd7
15. Ng5 Bc4 16. Qb4 Ba6 17. c6 bxc6 18. Qxe7 Bc4 19. Qd6 h6 20. Nge4 Nxe4 21.
Bxe4 g5 22. Be3 Ne5 23. Qc5 Qe6 24. Rfd1 a6 25. Bd4 Rdc8 26. Rac1 Nd7 27. Qf5
Nf6 28. Qxe6 fxe6 29. Bxf6 Bxf6 30. Na4 Bd5 31. Bb1 Rab8 32. e4 Rb4 33. exd5
Rxa4 34. b3 Rd4 35. Rxd4 Bxd4 36. dxc6 a5 37. Bd3 Kf7 38. Kf1 Ke7 39. Ke2 Kd6
40. Be4 e5 41. f3 Kc7 42. Kd3 Rd8 43. Kc4 Be3 44. Rc2 Kb6 45. Bd5 Kc7 46. Re2
Bd4 47. f4 Kd6 48. f5 Rb8 49. a3 Bc5 50. Rd2 Bd4 51. f6 Kc7 52. b4 axb4 53.
axb4 Kd6 54. f7 Ke7 55. Ra2 Bb6 56. Ra6 1-0

[Event "4NCL Division 2b"]
[Site "Solihull, ENG"]
[Date "2018.01.14"]
[Round "4.58"]
[White "Metcalfe, Charlie P"]
[Black "Smith, Lynda"]
[Result "1/2-1/2"]
[WhiteElo "1700"]
[BlackElo "1967"]
[PlyCount "61"]
[EventDate "2018.01.14"]
[WhiteTeam "KJCA Kings"]
[BlackTeam "North East England"]

1. d4 f5 2. Nf3 Nf6 3. c4 g6 4. g3 Bg7 5. Bg2 d6 6. O-O c6 7. b4 O-O 8. Bb2 Ne4
9. Nbd2 Nxd2 10. Qxd2 Nd7 11. a4 Nb6 12. Qc2 h6 13. a5 Nd7 14. Qb3 Nf6 15. Rfd1
d5 16. b5 Be6 17. Ne5 dxc4 18. Qa3 Bd5 19. bxc6 Bxg2 20. Kxg2 bxc6 21. Nxc6
Qd5+ 22. Qf3 Qxf3+ 23. exf3 Nd5 24. Ba3 Kf7 25. Bc5 a6 26. Re1 Bf6 27. Rab1
Rfc8 28. Nb4 Nxb4 29. Rxb4 Rxc5 30. dxc5 Bc3 31. Rbb1 {Both scores unreadable}
1/2-1/2

[Event "4NCL Division 2b"]
[Site "Solihull, ENG"]
[Date "2018.01.14"]
[Round "4.61"]
[White "Polaczek, Richard"]
[Black "Thomas, Nicholas"]
[Result "1-0"]
[WhiteElo "2402"]
[BlackElo "2214"]
[PlyCount "89"]
[EventDate "2018.01.14"]
[WhiteTeam "Manchester Manticores 1"]
[BlackTeam "Warwickshire Select 1"]

1. d4 e6 2. e4 d5 3. Nd2 Nc6 4. Ngf3 Nf6 5. e5 Nd7 6. c3 f6 7. exf6 Qxf6 8. Be2
e5 9. dxe5 Ncxe5 10. O-O Bd6 11. c4 O-O 12. cxd5 Nc5 13. Nb3 Nxb3 14. axb3 Bg4
15. Ng5 Bxe2 16. Qxe2 Qg6 17. Be3 h6 18. f4 hxg5 19. fxe5 Bxe5 20. Qc4 Bd6 21.
Qg4 Rxf1+ 22. Rxf1 Rf8 23. Rxf8+ Bxf8 24. Qe6+ Qxe6 25. dxe6 Be7 26. Kf2 Kf8
27. Kf3 Bf6 28. Ke4 Ke7 29. Kf5 g6+ 30. Kxg6 Kxe6 31. Bxg5 Bxb2 32. h4 c5 33.
h5 b5 34. Be3 c4 35. bxc4 b4 36. Bxa7 b3 37. Be3 Ke5 38. h6 Ke4 39. Bg5 Bc3 40.
Bc1 Kd4 41. h7 Kxc4 42. g4 Kd3 43. Kf7 Kc2 44. Ba3 Kb1 45. Be7 1-0

[Event "4NCL Division 2b"]
[Site "Solihull, ENG"]
[Date "2018.01.14"]
[Round "4.62"]
[White "Brooks, Phil J"]
[Black "Macklin, Paul"]
[Result "0-1"]
[WhiteElo "2199"]
[BlackElo "2365"]
[PlyCount "70"]
[EventDate "2018.01.14"]
[WhiteTeam "Warwickshire Select 1"]
[BlackTeam "Manchester Manticores 1"]

1. d4 d6 2. c4 e5 3. d5 Nf6 4. Nc3 g6 5. e4 Bg7 6. Nge2 a5 7. Ng3 Nbd7 8. Be2
Nc5 9. Be3 Bd7 10. h3 O-O 11. Qc2 c6 12. O-O cxd5 13. cxd5 Rc8 14. Qb1 h5 15.
Rc1 h4 16. Nf1 Nh7 17. b4 axb4 18. Qxb4 f5 19. Nd2 Ng5 20. Bxc5 Rxc5 21. Qxb7
Rc7 22. Qb4 Nxh3+ 23. Kf1 Nf4 24. Nf3 Qf6 25. exf5 gxf5 26. Nb5 Rxc1+ 27. Rxc1
e4 28. Ne1 h3 29. gxh3 Qh4 30. Qb3 Nxh3 31. Qg3 Qh6 32. Rc7 f4 33. Qh2 f3 34.
Rxd7 fxe2+ 35. Kxe2 Nf4+ 0-1

[Event "4NCL Division 2b"]
[Site "Solihull, ENG"]
[Date "2018.01.14"]
[Round "4.63"]
[White "Thestrup, Sixten"]
[Black "Pitcher, John"]
[Result "1/2-1/2"]
[WhiteElo "2297"]
[BlackElo "2231"]
[PlyCount "94"]
[EventDate "2018.01.14"]
[WhiteTeam "Manchester Manticores 1"]
[BlackTeam "Warwickshire Select 1"]

1. c4 c5 2. g3 Nf6 3. Bg2 e6 4. Nf3 Nc6 5. O-O d5 6. cxd5 exd5 7. d4 cxd4 8.
Nxd4 Be7 9. Nc3 O-O 10. Qa4 Qb6 11. Be3 Bc5 12. Nxc6 bxc6 13. Bxc5 Qxc5 14.
Rac1 Qb6 15. e4 Be6 16. Qa3 Rab8 17. b3 Rfd8 18. Rfd1 Bg4 19. Na4 Qa6 20. f3
Be6 21. Bf1 Qa5 22. Qc5 Qc7 23. exd5 Bxd5 24. Qf2 Re8 25. Re1 h6 26. Nc5 Qb6
27. Nd3 Bxf3 28. Ne5 Bd5 29. Qxb6 axb6 30. Bc4 Bxc4 31. Rxc4 c5 32. Rcc1 Re6
33. Nc4 Ne4 34. Rcd1 b5 35. Nd2 Nc3 36. Rxe6 fxe6 37. Re1 Rd8 38. Nf3 Rd1 39.
Rxd1 Nxd1 40. a4 bxa4 41. bxa4 Nc3 42. a5 Kf8 43. Kf2 Ke7 44. Ke3 Kd6 45. Kd3
Nb5 46. Kc4 Na3+ 47. Kb3 Nb5 1/2-1/2

[Event "4NCL Division 2b"]
[Site "Solihull, ENG"]
[Date "2018.01.14"]
[Round "4.64"]
[White "Shephard, Chris C W"]
[Black "Jaunooby, Ali R"]
[Result "1/2-1/2"]
[WhiteElo "2202"]
[BlackElo "2200"]
[PlyCount "48"]
[EventDate "2018.01.14"]
[WhiteTeam "Warwickshire Select 1"]
[BlackTeam "Manchester Manticores 1"]

1. g3 d5 2. Bg2 e5 3. d3 Nc6 4. Nf3 f6 5. Nbd2 Be6 6. e4 d4 7. a3 Qd7 8. Qe2
O-O-O 9. h4 h5 10. Nh2 g6 11. Ndf3 Nh6 12. Bd2 Nf7 13. Rd1 Be7 14. Bc1 g5 15.
Qf1 g4 16. Nd2 Nh6 17. Qe2 Rdg8 18. O-O Nd8 19. Rfe1 Ndf7 20. Ndf1 Rh7 21. c4
Nh8 22. Qc2 Ng6 23. b4 Nf7 24. Bd2 Kb8 1/2-1/2

[Event "4NCL Division 2b"]
[Site "Solihull, ENG"]
[Date "2018.01.14"]
[Round "4.65"]
[White "Lentzos, Ioanis"]
[Black "Mason, Donald J"]
[Result "1/2-1/2"]
[WhiteElo "2140"]
[BlackElo "2200"]
[PlyCount "37"]
[EventDate "2018.01.14"]
[WhiteTeam "Manchester Manticores 1"]
[BlackTeam "Warwickshire Select 1"]

1. e4 e5 2. Nf3 Nc6 3. Bc4 Nf6 4. d3 Bc5 5. c3 d6 6. a4 a6 7. Nbd2 h6 8. h3 Ba7
9. Nf1 O-O 10. Ng3 Be6 11. Bxe6 fxe6 12. O-O Qe8 13. Re1 Nh5 14. Nxh5 Qxh5 15.
Be3 Bxe3 16. Rxe3 Rf6 17. Nh2 Qxd1+ 18. Rxd1 a5 19. Nf3 1/2-1/2

[Event "4NCL Division 2b"]
[Site "Solihull, ENG"]
[Date "2018.01.14"]
[Round "4.66"]
[White "Hynes, Anthony M"]
[Black "Jayawarna, Nugith"]
[Result "0-1"]
[WhiteElo "2170"]
[BlackElo "2170"]
[PlyCount "74"]
[EventDate "2018.01.14"]
[WhiteTeam "Warwickshire Select 1"]
[BlackTeam "Manchester Manticores 1"]

1. e4 c5 2. Nf3 e6 3. d4 cxd4 4. Nxd4 Nc6 5. Nc3 Qc7 6. Ndb5 Qb8 7. Be3 a6 8.
Bb6 axb5 9. Nxb5 Bb4+ 10. c3 Ba5 11. Nc7+ Qxc7 12. Bxc7 Bxc7 13. Qg4 g6 14. f4
Nf6 15. Qf3 b6 16. e5 Nd5 17. Bc4 Nce7 18. O-O-O Bb7 19. a3 Ra4 20. Bxd5 Nxd5
21. g3 b5 22. Qd3 Rc4 23. Rhe1 O-O 24. h4 Ba5 25. Kd2 Rfc8 26. Rc1 Bb6 27. Rc2
b4 28. axb4 Nxb4 29. Qxd7 Rd8 30. Qxd8+ Bxd8 31. cxb4 Rxb4 32. Ra1 Bb6 33. Ra3
Kg7 34. Rac3 Be4 35. Rc1 Rxb2+ 36. Kd1 Ba5 37. Rc5 Bf3# 0-1

[Event "4NCL Division 2b"]
[Site "Solihull, ENG"]
[Date "2018.01.14"]
[Round "4.67"]
[White "Peacock, Malcolm R"]
[Black "Baruch, Andrew J D"]
[Result "1/2-1/2"]
[WhiteElo "2117"]
[BlackElo "2089"]
[PlyCount "48"]
[EventDate "2018.01.14"]
[WhiteTeam "Manchester Manticores 1"]
[BlackTeam "Warwickshire Select 1"]

1. c4 g6 2. g3 Bg7 3. Bg2 d6 4. Nc3 c5 5. a3 Nc6 6. Rb1 Rb8 7. b4 Bf5 8. e4 Bd7
9. Nd5 Nd4 10. Nf3 e6 11. Nf4 Ne7 12. Nxd4 cxd4 13. d3 e5 14. Ne2 b5 15. cxb5
Bxb5 16. O-O Qd7 17. Bb2 O-O 18. f4 Rfc8 19. Qd2 Bh6 20. Rfc1 d5 21. Rxc8+ Rxc8
22. Rc1 dxe4 23. dxe4 Rxc1+ 24. Nxc1 Nc6 1/2-1/2

[Event "4NCL Division 2b"]
[Site "Solihull, ENG"]
[Date "2018.01.14"]
[Round "4.68"]
[White "Phillips, David"]
[Black "Kay, Lee P"]
[Result "1/2-1/2"]
[WhiteElo "1778"]
[BlackElo "2087"]
[PlyCount "34"]
[EventDate "2018.01.14"]
[WhiteTeam "Warwickshire Select 1"]
[BlackTeam "Manchester Manticores 1"]

1. d4 e6 2. Nf3 f5 3. Bf4 Nf6 4. e3 b6 5. Be2 Bb7 6. h3 Be7 7. c4 O-O 8. Nc3
Ne4 9. Qc2 d6 10. Rd1 Nd7 11. Nxe4 Bxe4 12. Bd3 Bxd3 13. Qxd3 Nf6 14. Bh2 Ne4
15. Nd2 d5 16. Nxe4 fxe4 17. Qb3 Bd6 1/2-1/2

[Event "4NCL Division 2b"]
[Site "Solihull, ENG"]
[Date "2018.01.14"]
[Round "4.71"]
[White "Redmond, John P"]
[Black "Clark, Kevin R"]
[Result "1-0"]
[WhiteElo "2170"]
[BlackElo "2139"]
[PlyCount "81"]
[EventDate "2018.01.14"]
[WhiteTeam "West is Best 2"]
[BlackTeam "Poisoned Pawns 1"]

1. d4 Nf6 2. Bg5 d5 3. e3 c6 4. Bd3 Qb6 5. Qc1 Nbd7 6. Nf3 e6 7. O-O c5 8. c3
Bd6 9. Nbd2 O-O 10. Qc2 h6 11. Bh4 cxd4 12. exd4 Qc7 13. Rfe1 b6 14. Rad1 a5
15. Qc1 Re8 16. Bb1 Nh7 17. Nf1 Nhf8 18. Ne3 Bb7 19. Bg3 f5 20. Bxd6 Qxd6 21.
Bd3 Rac8 22. Qd2 Nh7 23. Nc2 Nhf6 24. Na3 Ne4 25. Qc1 Bc6 26. Nb5 Bxb5 27. Bxb5
Re7 28. Bxd7 Qxd7 29. Ne5 Qb5 30. f3 Nd6 31. Ng6 Ree8 32. Nf4 Kf7 33. Rd2 g5
34. Nd3 Nc4 35. Rde2 Rc7 36. Qb1 Kf6 37. Ne5 Nxe5 38. Rxe5 a4 39. a3 Ree7 40.
g4 f4 41. Rxe6+ 1-0

[Event "4NCL Division 2b"]
[Site "Solihull, ENG"]
[Date "2018.01.14"]
[Round "4.72"]
[White "Tandy, Chris"]
[Black "Jones, Steven A"]
[Result "0-1"]
[WhiteElo "2154"]
[BlackElo "2171"]
[PlyCount "94"]
[EventDate "2018.01.14"]
[WhiteTeam "Poisoned Pawns 1"]
[BlackTeam "West is Best 2"]

1. e4 e5 2. f4 exf4 3. Nf3 g5 4. h4 g4 5. Ne5 Nf6 6. d4 d6 7. Nd3 Nxe4 8. Bxf4
Bg7 9. c3 O-O 10. Be2 Re8 11. g3 Nc6 12. Nd2 Qe7 13. Rh2 Bf5 14. Nxe4 Qxe4 15.
Kf1 h5 16. Qd2 Ne7 17. Ne1 Nd5 18. Bd3 Qe6 19. Rf2 Be4 20. Bg5 Qg6 21. Kg1 Re6
22. Bxe4 Rxe4 23. Ng2 Rae8 24. Raf1 f6 25. Nf4 Nxf4 26. Bxf4 b5 27. Qd3 b4 28.
Qc4+ Qf7 29. Qxf7+ Kxf7 30. Bg5 bxc3 31. bxc3 Re1 32. Rxe1 Rxe1+ 33. Kg2 Ke6
34. Bf4 f5 35. Rb2 Kd7 36. Kf2 Rh1 37. Ke3 Kc6 38. Kd3 Rf1 39. Kc4 d5+ 40. Kb4
Bf8+ 41. Kb3 Bd6 42. Bxd6 Kxd6 43. Re2 f4 44. gxf4 Rxf4 45. Re3 Rf6 46. Kc2
Rf2+ 47. Kd3 Rh2 0-1

[Event "4NCL Division 2b"]
[Site "Solihull, ENG"]
[Date "2018.01.14"]
[Round "4.73"]
[White "Edgell, Ben P"]
[Black "Byway, Paul V"]
[Result "1-0"]
[WhiteElo "2156"]
[BlackElo "2082"]
[PlyCount "105"]
[EventDate "2018.01.14"]
[WhiteTeam "West is Best 2"]
[BlackTeam "Poisoned Pawns 1"]

1. d4 Nf6 2. Bg5 e6 3. Nd2 h6 4. Bh4 d5 5. e3 Be7 6. Ngf3 Nbd7 7. Bd3 c5 8. c3
O-O 9. O-O b6 10. Ne5 Bb7 11. f4 Ne4 12. Bxe7 Qxe7 13. Ndf3 Ndf6 14. Qe1 Nd6
15. g4 Nfe4 16. Kh1 Rfc8 17. h4 f6 18. Ng6 Qe8 19. h5 Bc6 20. Rg1 Nf7 21. Kh2
Rc7 22. Qe2 a6 23. Rac1 c4 24. Bc2 Qd8 25. Nd2 Nxd2 26. Qxd2 Qd6 27. Bb1 Ng5
28. Qf2 b5 29. Qg3 Nf7 30. Rce1 Re8 31. e4 dxe4 32. Bxe4 Bxe4 33. Rxe4 Qd5 34.
Rge1 Nd6 35. R4e2 f5 36. Re5 Qa8 37. Rxe6 Rxe6 38. Rxe6 Qd8 39. Qe3 Rf7 40.
Rxd6 Qxd6 41. Qe8+ Rf8 42. Qxf8+ Qxf8 43. Nxf8 Kxf8 44. gxf5 Ke7 45. Kg3 a5 46.
Kf3 b4 47. a4 bxc3 48. bxc3 Kd7 49. Ke4 Kd6 50. d5 Kd7 51. Ke5 Ke7 52. d6+ Kd7
53. Kd5 1-0

[Event "4NCL Division 2b"]
[Site "Solihull, ENG"]
[Date "2018.01.14"]
[Round "4.74"]
[White "Hutchinson, Norman A"]
[Black "Bullen, Alex"]
[Result "1/2-1/2"]
[WhiteElo "2067"]
[BlackElo "2148"]
[PlyCount "104"]
[EventDate "2018.01.14"]
[WhiteTeam "Poisoned Pawns 1"]
[BlackTeam "West is Best 2"]

1. e4 c6 2. d4 d5 3. Nc3 dxe4 4. Nxe4 Bf5 5. Ng3 Bg6 6. h4 h6 7. Nf3 Nd7 8. h5
Bh7 9. Bd3 Bxd3 10. Qxd3 e6 11. Bd2 Ngf6 12. O-O-O Be7 13. Ne4 Nxe4 14. Qxe4
Nf6 15. Qe2 Qd5 16. c4 Qe4 17. Rhe1 Qxe2 18. Rxe2 O-O 19. Rh1 Rfd8 20. Kc2 Kf8
21. Be3 Rac8 22. Ne5 b5 23. c5 Nd5 24. Bd2 Nf6 25. Be3 Rd5 26. f4 Ne4 27. Rh3
f5 28. Bg1 Bf6 29. Ra3 Bxe5 30. fxe5 Rc7 31. g4 Ke7 32. gxf5 exf5 33. Rg2 Ng5
34. Be3 Ne6 35. Bf2 Kf8 36. Rf3 Nxd4+ 37. Bxd4 Rxd4 38. Rxf5+ Rf7 39. Rgf2 Rxf5
40. Rxf5+ Ke7 41. b3 Rd5 42. b4 Ke6 43. Rf8 Rxe5 44. Rc8 Kd5 45. Kd3 Rxh5 46.
Rd8+ Ke6 47. Rd6+ Ke7 48. Rxc6 Rh3+ 49. Kd4 Rh4+ 50. Kd5 Rh5+ 51. Kd4 Rh4+ 52.
Kd5 Rh5+ 1/2-1/2

[Event "4NCL Division 2b"]
[Site "Solihull, ENG"]
[Date "2018.01.14"]
[Round "4.75"]
[White "Taylor, William J"]
[Black "Davison, Chris"]
[Result "1/2-1/2"]
[WhiteElo "2062"]
[BlackElo "2067"]
[PlyCount "47"]
[EventDate "2018.01.14"]
[WhiteTeam "West is Best 2"]
[BlackTeam "Poisoned Pawns 1"]

1. e4 e5 2. Nf3 Nc6 3. Bc4 Nf6 4. d3 Be7 5. O-O d6 6. a4 O-O 7. Re1 h6 8. c3
Be6 9. Nbd2 a6 10. a5 Qd7 11. Qb3 Rad8 12. Bxe6 fxe6 13. Nc4 Qc8 14. Qc2 Qd7
15. Qb3 Qc8 16. Qc2 Qd7 17. b4 Qe8 18. Rb1 Qh5 19. Qe2 Na7 20. d4 Nb5 21. Bd2
exd4 22. Nxd4 Qf7 23. e5 Ne4 24. Qxe4 1/2-1/2

[Event "4NCL Division 2b"]
[Site "Solihull, ENG"]
[Date "2018.01.14"]
[Round "4.76"]
[White "Kemp, Paul R"]
[Black "Davis, Lee"]
[Result "0-1"]
[WhiteElo "2071"]
[BlackElo "2061"]
[PlyCount "64"]
[EventDate "2018.01.14"]
[WhiteTeam "Poisoned Pawns 1"]
[BlackTeam "West is Best 2"]

1. e4 g6 2. d4 d6 3. Nc3 Bg7 4. f4 Nf6 5. Nf3 c5 6. dxc5 Qa5 7. Qd4 Nc6 8. Bb5
Bd7 9. Bxc6 Bxc6 10. cxd6 exd6 11. e5 dxe5 12. fxe5 Nd7 13. O-O O-O 14. Bf4
Rad8 15. Qc4 Nxe5 16. Nxe5 Bxe5 17. Bh6 Bxh2+ 18. Kxh2 Qh5+ 19. Kg1 Qxh6 20.
Rae1 Qg5 21. Ne4 Bxe4 22. Rxe4 Rc8 23. Qb3 Qc5+ 24. Kh1 Qxc2 25. Qxb7 Rb8 26.
Qd5 Qxb2 27. Re7 Rb5 28. Qc4 Rh5+ 29. Kg1 Qb6+ 30. Rf2 Rf5 31. Qe2 Rc8 32. g4
Qxf2+ 0-1

[Event "4NCL Division 2b"]
[Site "Solihull, ENG"]
[Date "2018.01.14"]
[Round "4.77"]
[White "Humphreys, Jerry G"]
[Black "Bin-Suhayl, Ieysaa"]
[Result "1/2-1/2"]
[WhiteElo "1967"]
[BlackElo "1984"]
[PlyCount "47"]
[EventDate "2018.01.14"]
[WhiteTeam "West is Best 2"]
[BlackTeam "Poisoned Pawns 1"]

1. Nf3 Nf6 2. c4 c5 3. Nc3 Nc6 4. g3 d6 5. Bg2 g6 6. d4 cxd4 7. Nxd4 Bd7 8. O-O
Bg7 9. Nc2 O-O 10. Bd2 a6 11. Rb1 Rb8 12. b4 Ne5 13. Ne3 Nfg4 14. Qb3 Nxe3 15.
Bxe3 b5 16. cxb5 axb5 17. a4 Nc4 18. Nxb5 Nxe3 19. Qxe3 Bxb5 20. axb5 Rxb5 21.
Rfc1 Re5 22. Qd3 Qb6 23. b5 Rc5 24. Rxc5 1/2-1/2

[Event "4NCL Division 2b"]
[Site "Solihull, ENG"]
[Date "2018.01.14"]
[Round "4.78"]
[White "Tandy, Gabriela"]
[Black "Howell, Oliver W"]
[Result "1/2-1/2"]
[WhiteElo "1937"]
[BlackElo "1907"]
[PlyCount "63"]
[EventDate "2018.01.14"]
[WhiteTeam "Poisoned Pawns 1"]
[BlackTeam "West is Best 2"]

1. d4 e6 2. Nf3 f5 3. Nbd2 Nf6 4. c3 Be7 5. Qc2 b6 6. e4 fxe4 7. Nxe4 Bb7 8.
Bd3 Nc6 9. Nxf6+ Bxf6 10. Bxh7 Qe7 11. Bg6+ Kd8 12. Be3 a5 13. O-O-O a4 14.
Rhe1 Na5 15. Be4 d5 16. Bd3 Nc4 17. Bf4 g5 18. Bg3 g4 19. Ne5 Nxe5 20. dxe5
Bg5+ 21. Kb1 a3 22. b3 Bh4 23. Be2 Bxg3 24. hxg3 Qg5 25. Bf1 Ba6 26. Bxa6 Rxa6
27. Qe2 Ra8 28. Rd4 Qf5+ 29. Qc2 Qg5 30. Qe2 Qf5+ 31. Qc2 Qg5 32. Qe2 1/2-1/2

[Event "4NCL Division 2b"]
[Site "Solihull, ENG"]
[Date "2018.01.14"]
[Round "4.81"]
[White "Golding, Alex"]
[Black "Plueg, Andreas"]
[Result "1/2-1/2"]
[WhiteElo "2222"]
[BlackElo "2285"]
[PlyCount "83"]
[EventDate "2018.01.14"]
[WhiteTeam "Guildford 3"]
[BlackTeam "Anglian Avengers 1"]

1. e4 d6 2. d4 Nf6 3. f3 e5 4. dxe5 dxe5 5. Qxd8+ Kxd8 6. Bc4 Be6 7. Bxe6 fxe6
8. Be3 Nbd7 9. Nd2 Bc5 10. Bxc5 Nxc5 11. Nc4 Ncd7 12. a4 Ke7 13. Nh3 Ne8 14.
Nf2 Nd6 15. Ne3 Rac8 16. h4 h5 17. Rh3 Nf8 18. Nd3 Ng6 19. Ra3 Kf6 20. Rc3 Nf4
21. Nxf4 exf4 22. Nd1 e5 23. g3 fxg3 24. Rxg3 Rhg8 25. Nf2 c6 26. Rd3 Rcd8 27.
Nh3 Nf7 28. Ng5 Rxd3 29. cxd3 Nxg5 30. Rxg5 g6 31. Kd2 Rd8 32. b4 Rd4 33. Kc3
a5 34. bxa5 Rxa4 35. Kc2 Rxa5 36. f4 Rb5 37. f5 gxf5 38. Rxf5+ Kg6 39. Rg5+ Kh6
40. Kc3 Rc5+ 41. Kb2 Rb5+ 42. Kc2 1/2-1/2

[Event "4NCL Division 2b"]
[Site "Solihull, ENG"]
[Date "2018.01.14"]
[Round "4.82"]
[White "Lewis, Andrew P"]
[Black "Grieve, Harry"]
[Result "1/2-1/2"]
[WhiteElo "2272"]
[BlackElo "2220"]
[PlyCount "35"]
[EventDate "2018.01.14"]
[WhiteTeam "Anglian Avengers 1"]
[BlackTeam "Guildford 3"]

1. Nf3 c5 2. c4 g6 3. d4 Bg7 4. Nc3 cxd4 5. Nxd4 Nc6 6. Nc2 Bxc3+ 7. bxc3 Nf6
8. f3 Qa5 9. e4 d6 10. Rb1 Nd7 11. Be2 Nc5 12. Nb4 Be6 13. O-O Na4 14. Bd2 a6
15. Nd5 Rb8 16. Kh1 O-O 17. c5 Nxc5 18. c4 1/2-1/2